О состоянии и мерах по развитию инфраструктуры морского и речного транспорта, внутренних водных путей в районах Крайнего Севера и приравненных к ним местностях (Запись № 1795887)

Подробности
000 -МАРКЕР
контрольное поле 02181nam0a2200325 4500
001 - ИДЕНТИФИКАТОР ЗАПИСИ
контрольное поле RU\NLR\bibl\1509803
005 - ИДЕНТИФИКАТОР ВЕРСИИ
контрольное поле 20260407225040.0
035 ## - ДРУГИЕ СИСТЕМНЫЕ НОМЕРА
Идентификатор записи (nilc)LIBNET\0000025821
035 ## - ДРУГИЕ СИСТЕМНЫЕ НОМЕРА
Идентификатор записи (NLR Aleph) 001501203
100 ## - ДАННЫЕ ОБЩЕЙ ОБРАБОТКИ
Данные общей обработки 20100426d2010 |||y0rusy50 ca
101 0# - ЯЗЫК РЕСУРСА
Язык текста, звукозаписи и т.д. русский
102 ## - СТРАНА ПУБЛИКАЦИИ ИЛИ ПРОИЗВОДСТВА
Страна публикации Российская Федерация
105 ## - ПОЛЕ КОДИРОВАННЫХ ДАННЫХ: ТЕКСТОВЫЕ МАТЕРИАЛЫ, МОНОГРАФИЧЕСКИЕ
Кодированные данные о монографическом текстовом документе y |||||||||
200 1# - ЗАГЛАВИЕ И СВЕДЕНИЯ ОБ ОТВЕТСТВЕННОСТИ
Основное заглавие О состоянии и мерах по развитию инфраструктуры морского и речного транспорта, внутренних водных путей в районах Крайнего Севера и приравненных к ним местностях
Сведения, относящиеся к заглавию материалы "круглого стола", 17 декабря 2009 года
210 ## - ПУБЛИКАЦИЯ, РАСПРОСТРАНЕНИЕ И ДР.
Место издания, распространения и т.д. Москва
Имя издателя, распространителя и т. д. Издание Совета Федерации
Дата издания, распространения и т.д. 2010
215 ## - ФИЗИЧЕСКАЯ ХАРАКТЕРИСТИКА
Специфическое обозначение материала и объем 64, [1] с.
Другие сведения о физической характеристике табл.
Размеры 30
300 ## - ОБЩИЕ ПРИМЕЧАНИЯ
Текст примечания В надзаг.: Совет Федерации Федер. собрания Рос. Федерации, Ком. Совета Федерации по делам Севера и малочисл. народов
606 1# - НАИМЕНОВАНИЕ ТЕМЫ КАК ПРЕДМЕТ
Наименование темы Морской транспорт
Формальный подзаголовок Съезды, совещания и т.п.
Географический подзаголовок Российская Федерация
-- Север
Системный номер авторитетной/нормативной записи 2601166
Идентификатор авторитетной/нормативной записи RU\NLR\auth\661537724
606 1# - НАИМЕНОВАНИЕ ТЕМЫ КАК ПРЕДМЕТ
Наименование темы Речной транспорт
Формальный подзаголовок Съезды, совещания и т.п.
Географический подзаголовок Российская Федерация
-- Север
Системный номер авторитетной/нормативной записи 2601167
Идентификатор авторитетной/нормативной записи RU\NLR\auth\661537725
686 ## - ИНДЕКСЫ ДРУГИХ КЛАССИФИКАЦИЙ
Индекс 65.374-112
Издание LBC/M
Код системы
686 ## - ИНДЕКСЫ ДРУГИХ КЛАССИФИКАЦИЙ
Индекс У37(2)46(2Р1)я431
686 ## - ИНДЕКСЫ ДРУГИХ КЛАССИФИКАЦИЙ
Индекс У37(2)45(2Р1)я431
711 12 - НАИМЕНОВАНИЕ ОРГАНИЗАЦИИ - АЛЬТЕРНАТИВНАЯ ОТВЕТСТВЕННОСТЬ
Начальный элемент ввода Круглый стол на тему "О состоянии и мерах по развитию инфраструктуры морского и речного транспорта, внутренних водных путей в районах Крайнего Севера и приравненных к ним местностях"
Место проведения временной организации Москва
Дата проведения временной организации 2009
Системный номер авторитетной/нормативной записи 802246
Идентификатор авторитетной/нормативной записи RU\NLR\AUTH\8810153560
801 #0 - ИСТОЧНИК ЗАПИСИ
Страна Российская Федерация
Организация Мурманская ГОУНБ
Дата составления 20100426
Правила каталогизации rcr
801 #1 - ИСТОЧНИК ЗАПИСИ
Страна Российская Федерация
Организация Мурманская ГОУНБ
Дата составления 20100426
801 #2 - ИСТОЧНИК ЗАПИСИ
Страна Российская Федерация
Организация NLR
Дата составления 20100512
Правила каталогизации rcr
942 ## - ДОПОЛНИТЕЛЬНЫЕ ЭЛЕМЕНТЫ ЗАПИСИ (АБИС)
Тип экземпляра АБИС Книга
980 ## - КОЛЛЕКЦИЯ
Название коллекции Национальная библиография
Экземпляры
Тип экземпляра Дата поступления Источник поступления Библиотека постоянного хранения Библиотека текущего хранения Место хранения Шифр хранения Штрих-код Статус экземпляра
Книга 12.05.2010 Контрольный экземпляр из типографии РНБ (Московский) РНБ (Московский) Русский книжный фонд: издания с 1957 года 2010-8/1498 1-1518739